Memòria d'activitats : octubre 1982-desembre 1983 octubre 1982-desembre 1983
Descripción Física:
183 p. ; 30 cm
Materias:
Institut d'Estudis Catalans -- Memòries
MARC
| LEADER | 00000nam a2200000Ia 4500 | ||
|---|---|---|---|
| 001 | 16723 | ||
| 008 | 160829s1984 xx 000 0 cat d | ||
| 080 | |a C-1-60 | ||
| 110 | 2 | |a Institut d'Estudis Catalans |9 52284 | |
| 245 | |a Memòria d'activitats : |b octubre 1982-desembre 1983 | ||
| 260 | |a Barcelona : |b l'Institut, |c 1984 | ||
| 300 | |a 183 p. ; |c 30 cm | ||
| 650 | |a Institut d'Estudis Catalans |x Memòries |9 37047 | ||
| 901 | |a Arxiu | ||
| 942 | |n 1 | ||
| 952 | |0 0 |1 0 |4 0 |6 C160 |7 1 |9 43259 |a Arxiu |b Arxiu |d 2016-12-01 |l 0 |o C-1-60 |p 16723 |r 2016-12-01 00:00:00 |w 2016-12-01 |y ARXIU | ||
| 999 | |c 45804 |d 45804 | ||